000 00890pam a2200277 a 4500
001 1896390
003 OSt
005 20220419101516.0
008 840620s1985 enka b 001 0 eng
010 _a 84014279
020 _a0407003029 :
_c£40.00 (est.)
040 _aDLC
_cHU
_dDLC
050 0 0 _aSF376.2
_b.G46 1985
082 0 0 _a636.3/08/21
_219
245 0 0 _aGenetics of reproduction in sheep /
_cedited by R.B. Land, D.W. Robinson.
260 _aLondon ;
_aBoston :
_bButterworths,
_c1985.
300 _axi, 427 p. :
_bill. ;
_c24 cm.
504 _aIncludes bibliographies and index.
650 0 _aSheep
_xBreeding.
_936544
650 0 _aSheep
_xGenetics.
_936545
650 0 _aSheep
_xReproduction.
_936546
700 1 _aLand, R. B.
_936547
700 1 _aRobinson, D. W.
_q(David W.),
_d1936-
_936548
906 _a7
_bcbc
_corignew
_d1
_eocip
_f19
_gy-gencatlg
942 _2ddc
_cBOOKS
_n0
999 _c35194
_d35194